000 01752nam a2200517 i 4500
001 25283
003 KOSZ 005
005 20230220120005.0
008 980702s1996 pl a |001 0 pol
015 _aUWD 1996/12016
020 _a830111858X
035 _a991004276929705066
035 _a(PL-WaBN)b11132577-48omnis_nlop
035 _ab11132577
035 _a(OCoLC)749335765
035 _a(PL)b0000001113257
035 _a(EXLNZ-48OMNIS_NETWORK)9910315515705606
040 _aWA N
_cWA N
_dKOSZ 005/HR
041 1 _apol
_hrus
046 _k1990
080 _a53
080 _a(07)
100 1 _aÂvorskij, Boris Mihajlovič
_eAutor
245 1 0 _aFizyka :
_bporadnik encyklopedyczny /
_cB. M. Jaworski, A. A. Dietłaf ; tł. z ros. Włodzimierz Komar, Ludmiła Skubiszak.
246 1 _iTyt. oryg.:
_aSpravočnik po fizike,
_f1990
250 _aWyd. 3.
260 _aWarszawa :
_bWydawnictwo Naukowe PWN,
_c1996.
300 _a675, [1] s., [1] k. luz. :
_brys., wykr. ;
_c18 cm.
336 _aTekst
_btxt
_2rdacontent
337 _aBez urządzenia pośredniczącego
_bn
_2rdamedia
338 _aWolumin
_bnc
_2rdacarrier
380 _aKsiążki
380 _aPublikacje dydaktyczne
388 _a1901-2000
504 _aIndeks.
650 7 _aFizyka
_2DBN
655 7 _aPodręcznik
_2DBN
658 _aFizyka i astronomia
700 1 _aDetlaf, Andrej Antonovič
_eAutor
700 1 _aKomar, Włodzimierz
_eTłumaczenie
700 1 _aSkubiszak, Ludmiła
_eTłumaczenie
710 2 _aWydawnictwo Naukowe PWN
_4pbl
856 _uhttp://koha.tu.koszalin.pl/cgi-bin/koha/opac-detail.pl?biblionumber=25283
_yKatalog online BPK
942 _2UKD
_cKS
999 _c25283
_d25283